Discurso de Bolívar en el Congreso de Angostura (15 de febrero de 1819) : reproducción ordenada por el Gobierno de los Estados Unidos de Venezuela, en conmemoración del primer centenario de la instalación de la Asamblea

Detalles Bibliográficos
Otros Autores: Bolívar, Simón, 1783-1830
Formato: Libro
Lenguaje:Spanish
Publicado: Caracas : s.n., 1919.
Materias:
Colección:Banco de datos
Acervo:Universidad Autónoma Benito Juárez de Oaxaca. Biblioteca Francisco de Burgoa. Colección histórica
Descripción Física:39 p., [1] h. : il. ; 27.5 cm.
Tema general:Política
Notas:Portada tipográfica con viñeta. Texto a renglón seguido con paginación en números arábigos y cornisas. Incluye retrato de Simón Bolívar. Incluye una fotografía. Encuadernación en papel. Sello en tinta de la Biblioteca Nacional de Caracas
LEADER 01085nam a22001810004500
035 |a 3542 
041 0 |a spa 
245 1 0 |a Discurso de Bolívar en el Congreso de Angostura (15 de febrero de 1819) : reproducción ordenada por el Gobierno de los Estados Unidos de Venezuela, en conmemoración del primer centenario de la instalación de la Asamblea 
260 |a Caracas : s.n., 1919. 
300 |a 39 p., [1] h. : il. ; 27.5 cm.  
500 |a Portada tipográfica con viñeta. Texto a renglón seguido con paginación en números arábigos y cornisas. Incluye retrato de Simón Bolívar. Incluye una fotografía. Encuadernación en papel. Sello en tinta de la Biblioteca Nacional de Caracas 
505 0 0 |a Proclama de Simón Bolívar, última hoja 
650 1 0 |a Política 
700 1 |a Bolívar, Simón, 1783-1830 
852 |a Universidad Autónoma "Benito Juárez" de Oaxaca, Biblioteca Francisco de Burgoa, Colección histórica 19809 
942 |c BURHIS 
943 |g Universidad Autónoma Benito Juárez de Oaxaca. Biblioteca Francisco de Burgoa. Colección histórica 
999 |c 1122385  |d 1122385